MARC

LEADER 00000nam0a2200000 4500
001 176474
005 20231101223258.0
035 |a (RuTPU)RU\TPU\book\191316 
090 |a 176474 
100 |a 20100301d1959 k y0rusy50 ca 
101 0 |a rus 
102 |a RU 
105 |a a z 101zy 
200 1 |a Доклады Юбилейной научно-технической конференции, посвященной 100-летию со дня рождения А.С. Попова, Томск 2-3 апреля 1959 г.  |f Томское отделение Всесоюзного научно-технического общества радиотехники и электросвязи им. А. С. Попова, Томский Дом ученых ; под ред. В. И. Иванчикова 
210 |a Томск  |c Изд-во Томского ун-та  |d 1959 
215 |a 34 с.  |c черт. 
320 |a Библиогр. в конце докл. 
606 1 |a Радиотехника  |2 stltpush  |3 (RuTPU)RU\TPU\subj\71345  |9 85301 
610 1 |a радиоволны 
610 1 |a распространение 
610 1 |a ионосфера 
610 1 |a связь 
610 1 |a земля 
610 1 |a проводимость 
610 1 |a триоды полупроводниковые 
610 1 |a пробой 
610 1 |a передатчики 
610 1 |a фазовые измерения 
610 1 |a радиотехнические устройства 
610 1 |a коллекция ТПУ 
610 1 |a труды учёных ТПУ 
675 |a 621.37  |v 3 
702 1 |a Иванчиков  |b В. И.  |4 340 
712 1 2 |a Конференция посвященная 100-летию со дня рождения А. С. Попова  |c доклады  |e Томск  |f 1959 
712 0 2 |a Всесоюзное научно-техническое общество радиотехники и электросвязи им. А. С. Попова (ВНОРиЭ)  |b Томское областное отделение  |2 stltpush  |3 (RuTPU)RU\TPU\col\15701 
712 0 2 |a Томский Дом ученых  |2 stltpush  |3 (RuTPU)RU\TPU\col\16088  |9 26337 
801 1 |a RU  |b 63413507  |c 20100301 
801 2 |a RU  |b 63413507  |c 20200709  |g RCR 
942 |c BK